000 00493nam a2200169 a 4500
001 000007211
005 20200929154110.0
008 090907s2001 dr 001 0 spa d
020 _a9993461075
040 _aDO-SdBNP
_bspa
_cBNPHU
082 _axxxx
_bV335d
100 1 _aVásquez Henriquez, Erasmo
_920009
245 1 0 _aDecoro, política y salud /
_cErasmo Vásquez Henriquez.
260 _aSanto Domingo :
_bBuho,
_c2001.
300 _a236 p. ;
_c23 cm.
500 _aIncluye datos biográficos
999 _c6992
_d6992